| 000 | 01305nam0a22002771 4500 | ||
|---|---|---|---|
| 001 | rc\4151955 | ||
| 005 | 20260407194658.0 | ||
| 021 |
_aRU _b[52-6725] |
||
| 035 | _a(NLR Aleph) 008170528 | ||
| 090 |
_a7851594 _c7851594 |
||
| 100 | _a20130415d1952 |||y0rusy50 ca | ||
| 101 | 0 | _arus | |
| 102 | _aRU | ||
| 105 | _aa z ||||| | ||
| 200 | 1 |
_aСборник статей по теории и практике проклеивания обувных картонов _fПод общ. ред. лауреата Сталинской премии канд. техн. наук В.И. Алексеенко _gМ-во легкой пром-сти СССР. Центр. науч.-исслед. ин-т заменителей кожи |
|
| 210 |
_aМосква _cГизлегпром _d1952 |
||
| 215 |
_a136 с. _cчерт. _d22 |
||
| 320 | _aБиблиогр. в конце статей | ||
| 606 |
_aКартон обувной _xПроклейка _jСборники _2psbo |
||
| 702 | 1 |
_aАлексеенко _bВ.И. _gВладимир Иосифович _4340 |
|
| 712 | 0 | 2 |
_aВНИИ пленочных материалов и искусственной кожи _3RU\NLR\AUTH\8810128933 _9754781 |
| 801 | 0 |
_aRU _bNLR _gpsbo |
|
| 801 | 1 |
_aRU _bELAR _2rusmarc |
|
| 852 |
_aNLR _jТ60 Г-5/83 |
||
| 942 | _cBOOK | ||
| 980 | _aNB | ||